000 00679nam a2200241 i 4500
001 77468
003 ES-MaACL
005 20251019063046.0
007 t|
008 041018s2004 sp ||||1| spa d
020 _z84-03-09531-7
080 _a929 Bush, George W.
080 _a32(73)"2001/..."
100 1 _aFuentes, Carlos,
_d1928-2012
_9242378
245 1 0 _aContra Bush /
_cCarlos Fuentes.
250 _a1ª ed.
260 _aMadrid :
_bAguilar,
_c2004.
300 _a189 p. ;
_c24 cm.
600 1 4 _aBush, Georges W.
_932819
651 4 _aEstados Unidos-
_xPolítica y gobierno-
_y2001-2009.
_98558
852 4 _aES-MaACL
_jL-28243
999 _c77468
_d77468